| 000 | 00814nam a22001697a 4500 | ||
|---|---|---|---|
| 999 |
_c22243 _d22243 |
||
| 005 | 20201123222224.0 | ||
| 008 | 140202b ck ||||| |||| 00| 0 spa d | ||
| 040 |
_aCO-NeUS _bspa _erda |
||
| 100 | 1 |
_aEisenstein, Sergio _941280 _eautor |
|
| 245 | 1 | 0 |
_aLa forma en el cine / _c Sergio Eisenstein |
| 264 |
_aMedellín : _bViento del Este, |
||
| 300 |
_a270 paginas _bilustraciones _c 21 cm. |
||
| 505 | 0 | 0 | _aDel teatro al cine -- Lo inesperado -- El ideograma y los principios cinematográficos -- Un acercamiento dialéctico a la forma cinematográfica -- La cuarta dimensión cinematográfica -- Métodos del montaje -- Un curso en el tratamiento -- El lenguaje del cine -- Forma cinematográfica : nuevos problemas -- La estructura de una película -- Logro exitoso -- Dickens, Griffith y el cine actual -- |
| 082 | 0 | 4 |
_a791.43 / _b E36f |
| 650 | 1 | 4 |
_aCine _9103182 |
| 942 |
_2ddc _cCG _h791.43 _k E36f |
||